000 00421nam a2200169Ia 4500
008 230524s9999 xx 000 0 und d
020 _a8123911734
082 _a526.9
_bJAC
100 _aJE Jackson
245 0 _aHigher Surveying (Plane and Geodetic Surveying for Engineers)
250 _a2
260 _aNew Delhi
_bCBS
_c2004
300 _a288p;
500 _aQuantity Number: 2
650 _aCivil
942 _cBK
999 _c55331
_d55331